000
00343nam a2200145Ia 4500
008
150201s2007 xx 000 0 und d
082
_a
618
_b
O07S
100
_a
SALHAN, SUDHA
245
_a
TB. OF OBSTETRICS
250
_a
1ST
260
_b
JAYPEE BROTHERS
_a
DELHI
_c
2007
300
_a
1-828
650
_a
OBST & GYNAECOLOGY
942
_2
ddc
_c
BK
_0
2
999
_c
189
_d
189